| 000 | 00548nam a22001697a 4500 | ||
|---|---|---|---|
| 999 |
_c8555 _d8555 |
||
| 008 | 201202b ||||| |||| 00| 0 eng d | ||
| 040 | _aBMS College of Architecture | ||
| 100 | _aB, R, Pooja | ||
| 245 | _aUnwind the untold, interpretation centre Chitradurga | ||
| 300 | _a39p. | ||
| 500 | _a1BM13AT053 | ||
| 502 |
_8B,Arch _NBMS College of Architecture, Visvesvaraya Technological University(VTU) _aProject report _d2017 |
||
| 650 | _aIntrerpretation centre | ||
| 700 |
_aShanu Raina _eGuide |
||
| 700 |
_aPraveen Alva _eGuide |
||
| 942 |
_2ddc _cTHE |
||